Statistics for What was used before ????? was invented?

Click here to take the quiz!

General Stats

  • This quiz has been taken 33 times
    (14 since last reset)
  • The average score is 12 of 18

Answer Stats

HintAnswer% Correct
Cell phonehome phone, talkback pager
83%
Refrigeratorice box
83%
GPS for trip routingmap
83%
Airplanetrain, ship,boat
83%
Ballpoint penfountain pen, pencil
75%
Automobilehorse & buggy
75%
Televisionradio
75%
Email(snail) mail, telegram
67%
Air conditioningswamp cooler, fan
67%
Clothes dryerclothes line
58%
Electric lightsgas lights, kerosene lamps, candles
58%
FacebookMySpace
58%
Bathroom toiletouthouse
58%
Washing machinescrub board, washboard
58%
Computer for writing lettersTypewriter, word processor
58%
Flash driveCD, floppy disk
50%
jig sawhand saw
42%
Bridgesferries
33%

Score Distribution

Percentile by Number Answered

Percent of People with Each Score

Your Score History

You have not taken this quiz since the last reset